| 000 | 00721cam a22002177a 4500 | ||
|---|---|---|---|
| 003 | MX-MxUPN | ||
| 005 | 20241012064148.0 | ||
| 008 | 231017s2011 mx|a|||ar|||| 000 0 spa d | ||
| 020 | _a9786074696516 | ||
| 040 |
_aMX-MxUPN _bspa |
||
| 050 | 4 |
_aLB1195 M62 _bJ84 2011 |
|
| 245 | 0 | 0 |
_aJuego y aprendo con mi material de preescolar : _bsegundo grado |
| 250 | _aTercera edición | ||
| 260 |
_aMéxico, D.F. : _bDirección General de Educación Indígena, SEP, _c2011 |
||
| 300 |
_a87 páginas : _bilustraciones a color |
||
| 650 | 4 |
_918405 _aEducación preescolar _vLibros de texto |
|
| 650 | 4 |
_aJuegos educativos _93952 |
|
| 902 |
_aGCH171023 _bVíctorGodínez/221123 |
||
| 942 |
_2lcc _cLIBRO |
||
| 999 |
_c210499 _d210499 |
||